00000000nam##2200000za#4500
0019.617109
003CaOODSP
00520210615101956
007ta
008150406|2004||||xxc|||||     f|0| 0 eng|d
022 |a0706-6473
040 |aCaOODSP|beng
043 |an-cn---
0861 |aFs97-4/2689E
1101 |aCanada. |bDepartment of Fisheries and Oceans.
24510|aLake fertilization and enhanced growth of juvenile sockeye salmon at Woss Lake, British Columbia : |ba food web analysis / |cby K.D. Hyatt ... [et al.].
260 |bFisheries and Oceans Canada |c2004.
300 |aiv, 169p. : |bfigs., graphs, references, tables ; |c28 cm.
4901 |aCanadian manuscript report of fisheries and aquatic sciences|x0706-6473|v2689
500 |a"Fisheries and Oceans Canada, Science Branch, Pacific Region, Pacific Biological Station, Nanaimo, British Columbia V9T 6N7".
5203 |aThis report is part of a series that contains scientific and technical information that contributes to existing knowledge but deals with national or regional problems. They are distributed to institutions and individuals in the relevant areas of Canada. The subject matter reflects the interests and policies of the Department of Fisheries and Oceans.
546 |a(Résumés en français.)
563 |aSoftcover
590 |a04-41|b2004-10-08
7201 |aHyatt, K. D.
7760#|tLake fertilization and enhanced growth of juvenile sockeye salmon at Woss Lake, British Columbia : |w(CaOODSP)9.579992
830#0|aCanadian manuscript report of fisheries and aquatic sciences,|x0706-6473|v2689|w(CaOODSP)9.514688